000 00772nmm a2200301 a 4500
003 AR-BaBNM
005 20251128211625.0
008 025020s2003 ||||||||||||||000 | spa||
020 _a950-07-2411-1
040 _cAR-BaBNM
100 0 _aNik
245 1 0 _aAsí se hace Gaturro
250 _a1ª ed.
260 _aBuenos Aires
_bSudamericana
_c2003
300 0 _a30 p.
_bil.
650 4 _aLIBROS PARA NINOS
650 4 _aHUMOR LITERARIO
650 4 _aDIBUJANTES
650 4 _aCREACION ARTISTICA
653 _aLITERATURA JUVENIL
655 _aLITERATURA
700 1 _aSchujer, María
_ecomentarios
700 1 _aVera, Mariana
_eeditor
700 1 _aScalise, Fernanda
_ediseño
700 1 _aPessah, Daniel
_efotógrafo
942 _cBK
998 _cEugenia
999 _c20468
_d20468